000 00899nam a22003137a 4500
003 IBSLLIB
005 20260511092250.0
008 260511b |||||||| |||| 00| 0 eng d
020 _a0671707833
040 _aIBSLLIB
_beng
041 _hEng
082 _a909
_bOBE
100 _aOberdorfer , Don
245 _aThe Turn :
_bFrom the cold war to a new era the united states and the soviet union 1983-1990
260 _aNew York :
_bPoseidon Press ,
_c1991
300 _a514 p ;
_b24 cm
505 _aA candle in the cold
505 _aThe Ebb Tide
505 _aThe Chernenko Interlude
505 _aGorbachev takes command
505 _aHigh stakes at Reykjavik
505 _aTo the washington summit
505 _aThe Revolution 1989
650 _aHistory , Geography
650 _aWorld history
653 _aForeign relations
653 _asoviet union
942 _cLBK
999 _c22102
_d22102